000 00713nam a2200193Ia 4500
003 GCL
008 140319s9999 xx 000 0 ara d
040 _aGCL /
_cGCL
082 0 4 _a792.02
_bر ق
100 1 _aرينجير، جان بيير
245 1 0 _aقراءة المسرح المعاصر /
_cرينجير، جان بيير
260 _aالقاهرة :
_bوزارة الثقافة - مهرجان القاهرة الدولى للمسرح التجريبى ،
_c2004
300 _a247 ص ؛
_c24 سم
650 0 4 _aالتمثيل فى المسرح
650 0 4 _aالمسرحيات - الطرق الفنية
650 0 4 _aالمسرح - عروض
650 0 4 _aالمسرح - تجهيز
942 _2ddc
_cBK
999 _c7170
_d7170